| 000 | 00589nam a2200241 4500 | ||
|---|---|---|---|
| 001 | BS2023000113 | ||
| 003 | BR-BrBNA | ||
| 005 | 20231017123015.0 | ||
| 008 | 230619b2001 bl.||||| |||| 00| 0 por d | ||
| 020 | _a85-88401-05-03 | ||
| 040 |
_aBR-BrBNA _bpor. |
||
| 041 | _apor | ||
| 072 | _aS86 | ||
| 100 |
_4aut. _aQuinan, Marcos |
||
| 245 | _aSertão D'água / | ||
| 260 |
_aBrasília - DF : _bProjecto Editorial, _c2001 |
||
| 300 | _a150 p. | ||
| 650 | _aLITERATURA BRASILEIRA | ||
| 650 | _aROMANCE | ||
| 909 |
_a202306 _bMaria Neves |
||
| 942 | _cBK | ||
| 999 |
_c9404 _d9404 |
||